00458nam a2200169 a 450000100060000000300090000600800410001502000150005604000280007108200140009924500650011326000500017830000110022865000210023965000110026065000170027117215CO-ViMGA141112s2004 ck r 000 u spa d a848476009X aCO-ViMGAbspacCO-ViMGA04a634 G841g10aGuía de las frutas cultivadas . Identificación y cultivo aMadríd (España), cMundi - prensa, c2001 a224.p.14aARBOLES FRUTALES14aFRUTAS14aFRUTICULTURA